Statistiques concernant Effectif PSG 2023/2024

Cliquez ici pour prendre le quiz!

Statistiques générales

  • Ce quiz a été pris 13 186 fois
    (1 353 depuis la dernière actualisation)
  • Le résultat moyen est 26 sur 31

Statistiques - réponses

PosteNuméroPaysJoueur% Correct
G99ItalieGianluigi Donnarumma
98%
DEF2MarocAchraf Hakimi
97%
MIL38FranceEthan Mbappé
97%
G1Costa RicaKeylor Navas
97%
ATT7FranceKylian Mbappé
97%
ATT10FranceOusmane Dembélé
95%
COACH-EspagneLuis Enrique
94%
ATT9PortugalGonçalo Ramos
92%
MIL19Corée du SudKang-in Lee
92%
DEF5BrésilMarquinhos
92%
DEF21FranceLucas Hernández
91%
ATT23FranceRandal Kolo Muani
91%
MIL17PortugalVitinha
90%
MIL8EspagneFabián Ruiz
89%
MIL33FranceWarren Zaïre-Emery
89%
ATT29FranceBradley Barcola
88%
MIL4UruguayManuel Ugarte
88%
DEF25PortugalNuno Mendes
88%
DEF3FrancePresnel Kimpembe
88%
DEF15PortugalDanilo Pereira
87%
DEF37SlovaquieMilan Škriniar
86%
DEF35BrésilLucas Beraldo
82%
ATT11EspagneMarco Asensio
81%
G16EspagneSergio Rico
81%
MIL28EspagneCarlos Soler
80%
G80EspagneArnau Tenas
76%
G30FranceAlexandre Letellier
71%
DEF26FranceNordi Mukiele
67%
MIL41FranceSenny Mayulu
59%
DEF97FranceLayvin Kurzawa
55%
DEF42FranceYoram Zague
49%

Distribution des résultats

Percentile par nombre de réponses

% des personnes avec chaque résultat

Votre développement - résultats

Vous n’avez pas pris ce quiz depuis la dernière actualisation